000
00294nam a22001337a 4500
008
180817b xxu||||| |||| 00| 0 eng d
020
_a
0721631681
041
_a
eng
080
_2
3 ed
_a
617
100
_a
5
101
_a
kit
245
_a
vascular surgery
_c
rutherford.r.b
942
_2
udc
_c
BK
999
_c
47208
_d
47208